| 000 | 00480pab a2200181 454500 | ||
|---|---|---|---|
| 008 | 180718b2003 xxu||||| |||| 00| 0 eng d | ||
| 100 | _aKhan, M.M.H. | ||
| 245 | _aFactors affecting STIs among married men in Bangladesh | ||
| 260 | _c2003 | ||
| 300 | _ap.38-44. | ||
| 362 | _aDec | ||
| 650 | _aVenereal diseases - Bangladesh | ||
| 650 | _aVenereal diseases | ||
| 700 | _aMatin, M.A. | ||
| 700 | _aKabir, M. Alamgir | ||
| 773 | _aJournal of Family Welfare | ||
| 909 | _a60037 | ||
| 999 |
_c60037 _d60037 |
||